000 00662nam a2200205Ii 4500
003 JO-AjNU
008 230605s9999||||xx |||||||||||||| ||und||
017 _a2007/5/1562
040 _aJO-AjNU
_bara
_erda
_cJO-AjNU
041 _aara
050 1 4 _aQA76.9.D3.H5322 2008
100 3 _aالحمامي ، علاء حسين,
_eauthor
_929730
245 0 0 _aتنقيب البيانات= DATA MINING
264 3 1 _aعمان:دار اثراء ، 2008
300 _a522ص
336 _atext
_btxt
_2rdacontent
337 _aunmediated
_bn
_2rdamedia
338 _avolume
_bnc
_2rdacarrier
650 4 _aادارة المعلومات -تنقيب البيانات
_929731
999 _aA11697
_c15265
_d15265